[Event "III GM"]
[Site "Mysliborz POL"]
[Date "2008.06.11"]
[Round "4"]
[White "Brodowski,P"]
[Black "Zeberski,J"]
[Result "1-0"]
[WhiteElo "2414"]
[BlackElo "2398"]

1.c4 c5 2.Nf3 Nf6 3.Nc3 e6 4.g3 b6 5.Bg2 Bb7 6.O-O d6 7.b3 Be7 8.Bb2 O-O
9.d4 cxd4 10.Qxd4 a6 11.Rfd1 Nbd7 12.Qf4 Qc7 13.Nd2 Bxg2 14.Kxg2 Rac8 15.Nde4 Qc6
16.Kg1 Ne8 17.Rac1 f5 18.Ng5 Nc7 19.Nf3 Qb7 20.Qe3 b5 21.cxb5 axb5 22.Nd5 Rf7
23.Nxe7+ Rxe7 24.Rxd6 Nf8 25.Qc5 Rce8 26.Nd4 Qe4 27.Nxb5 Nd5 28.Qc4 Qxc4
29.Rxc4 Rb8 30.Nd4 Ra7 31.a4 Rab7 32.Nb5 Rxb5 33.axb5 Rxb5 34.Rd8 Kf7 35.Rcc8 Ng6
36.Rd7+ Nge7 37.Ba3  1-0

[Event "ch-Panamerican U20"]
[Site "Cali COL"]
[Date "2008.06.14"]
[Round "8"]
[White "Valdes Escobar,A"]
[Black "Macias Murillo,B"]
[Result "1/2-1/2"]
[WhiteElo "2330"]
[BlackElo "2218"]

1.c4 c5 2.Nf3 Nf6 3.Nc3 e6 4.d4 cxd4 5.Nxd4 a6 6.e4 d6 7.Be3 b6 8.Be2 Bb7
9.f3 Be7 10.O-O Nbd7 11.Rc1 O-O 12.a3 Re8 13.Qd2 Qc7 14.b4 Rac8 15.Rfd1 Qb8
16.Nb3 Bd8 17.Kh1 Bc7 18.Bg1 Qa8 19.Bf1 Kh8 20.a4 Red8 21.a5 Qb8 22.Na4 Ba8
23.Qa2 bxa5 24.bxa5 Qb4 25.c5 Rb8 26.cxd6 Bxd6 27.Rd4 Qa3 28.Qxa3 Bxa3 29.Rc3 Bb4
30.Rcc4 Be7 31.Rd3 Kg8  1/2-1/2

[Event "III GM"]
[Site "Mysliborz POL"]
[Date "2008.06.14"]
[Round "7"]
[White "Cyborowski,L"]
[Black "Zeberski,J"]
[Result "1/2-1/2"]
[WhiteElo "2541"]
[BlackElo "2398"]

1.Nf3 Nf6 2.c4 c5 3.Nc3 e6 4.g3 b6 5.Bg2 Bb7 6.O-O Be7 7.b3 d6 8.Bb2 O-O
9.e3 Nbd7 10.d4 Ne4 11.Qc2 Nxc3 12.Bxc3  1/2-1/2

[Event "Serbia Cup"]
[Site "Zlatibor SRB"]
[Date "2008.06.16"]
[Round "1"]
[White "Arsovic,Z"]
[Black "Tosic,N"]
[Result "1-0"]
[WhiteElo "2490"]
[BlackElo "2210"]

1.Nf3 Nf6 2.c4 c5 3.Nc3 e6 4.g3 b6 5.Bg2 Bb7 6.O-O Be7 7.d4 cxd4 8.Qxd4 d6
9.Bg5 h6 10.Bxf6 Bxf6 11.Qd3 Bxc3 12.Qxc3 O-O 13.Rfd1 Qc7 14.Rd4 Nc6 15.Rd3 Rfd8
16.Rad1 Ne7 17.b3 Rd7 18.Ne5 Bxg2 19.Nxd7 Be4 20.Rxd6 Nf5 21.R6d2 f6 22.Nxf6+ gxf6
23.Qxf6  1-0

[Event "Open"]
[Site "Teplice CZE"]
[Date "2008.06.17"]
[Round "4"]
[White "Hadraba,V"]
[Black "Liska,Ji"]
[Result "1-0"]
[WhiteElo "2211"]
[BlackElo "2000"]

1.Nf3 Nf6 2.c4 e6 3.Nc3 c5 4.e4 Nc6 5.d4 cxd4 6.Nxd4 Bb4 7.Nxc6 Bxc3+ 8.bxc3 dxc6
9.Bd3 Qa5 10.O-O O-O 11.Qc2 e5 12.Bg5 Ne8 13.Be7 Be6 14.Bxf8 Kxf8 15.Qb2 Rd8
16.Rfd1 Qc7 17.Qa3+ Qe7 18.Qxa7 Qg5 19.Bf1 Rc8 20.Rab1 Bg4 21.Rd3 Nf6 22.Rxb7  1-0

[Event "FSGM June"]
[Site "Budapest HUN"]
[Date "2008.06.18"]
[Round "12"]
[White "Nguyen Huynh Minh Huy"]
[Black "Macak,S"]
[Result "1-0"]
[WhiteElo "2482"]
[BlackElo "2342"]

1.Nf3 Nf6 2.c4 c5 3.Nc3 b6 4.g3 Bb7 5.Bg2 e6 6.O-O Be7 7.d4 cxd4 8.Qxd4 d6
9.Rd1 O-O 10.b3 Nc6 11.Qf4 Qb8 12.Ba3 Rd8 13.Nb5 e5 14.Qe3 a6 15.Nc3 Qa7
16.Nd5 Nxd5 17.cxd5 Nb8 18.Nxe5 Bf6 19.Nxf7 Kxf7 20.Qe6+ Kf8 21.Rac1  1-0

[Event "Open"]
[Site "Teplice CZE"]
[Date "2008.06.18"]
[Round "5"]
[White "Liska,Ji"]
[Black "Ksieski,Z"]
[Result "0-1"]
[WhiteElo "2000"]
[BlackElo "2406"]

1.c4 b6 2.Nc3 c5 3.Nf3 Nf6 4.e3 g6 5.d4 cxd4 6.exd4 Bg7 7.Bd3 O-O 8.Bg5 d5
9.Bxf6 exf6 10.Nxd5 Re8+ 11.Be2 b5 12.b3 f5 13.O-O bxc4 14.bxc4 Nc6 15.Rb1 g5
16.Nxg5 Nxd4 17.Bf3 Ba6 18.Nxf7 Nxf3+ 19.Qxf3 Kxf7 20.Rfe1 Rxe1+ 21.Rxe1 Bxc4
22.Qxf5+ Kg8 23.Ne7+ Kh8 24.Qh5 Bd3 25.Qf3 Bc2 26.h4 Rb8 27.Kh2 Qd4 28.Nc6 Qxh4+
29.Qh3 Qf4+ 30.Qg3 Qh6+ 31.Kg1 Rf8 32.Nb4 Bg6 33.Nd5 Qd2  0-1

[Event "8th TCh-Euro U18"]
[Site "Szeged HUN"]
[Date "2008.06.19"]
[Round "5"]
[White "Pap,G"]
[Black "Ivekovic,Z"]
[Result "1-0"]
[WhiteElo "2451"]
[BlackElo "2139"]

1.c4 Nf6 2.Nc3 c5 3.Nf3 g6 4.d4 Bg7 5.g3 O-O 6.Bg2 d6 7.O-O Nbd7 8.b3 Rb8
9.Bb2 a6 10.a4 cxd4 11.Nxd4 a5 12.e4 Nc5 13.Qc2 Nfd7 14.Nd5 Na6 15.Rad1 Ndc5
16.Nb5 Bg4 17.Rd2 Bh6 18.f4 f6 19.h3 Bd7 20.Rdd1 Bg7 21.g4 e6 22.Ne3 Bxb5
23.cxb5 Nb4 24.Qc3 Qe7 25.Nc4 Nxe4 26.Bxe4 d5 27.Nxa5 Rfc8 28.Qd4 dxe4 29.Ba3 Bf8
30.Qxe4 Qc5+ 31.Kh1 Qc2 32.Qxe6+  1-0

[Event "Serbia Cup"]
[Site "Zlatibor SRB"]
[Date "2008.06.19"]
[Round "4"]
[White "Stamenkovic,A"]
[Black "Katanic Vujic,P"]
[Result "1/2-1/2"]
[WhiteElo "2265"]
[BlackElo "2320"]

1.Nf3 Nf6 2.c4 c5 3.Nc3 g6 4.g3 Bg7 5.Bg2 O-O 6.O-O Nc6 7.d4 cxd4 8.Nxd4 Nxd4
9.Qxd4 d6 10.Qd3 Bf5 11.e4 Be6 12.Bd2 a6  1/2-1/2

[Event "8th TCh-Euro U18"]
[Site "Szeged HUN"]
[Date "2008.06.20"]
[Round "6"]
[White "Pap,G"]
[Black "Panocki,A"]
[Result "1-0"]
[WhiteElo "2451"]
[BlackElo "2270"]

1.c4 Nf6 2.Nf3 g6 3.Nc3 c5 4.d4 cxd4 5.Nxd4 Bg7 6.g3 O-O 7.Bg2 Nc6 8.O-O Qb6
9.Nb3 d6 10.Be3 Qd8 11.Rc1 Be6 12.c5 d5 13.Nd4 Bc8 14.Nxc6 bxc6 15.Bd4 Qc7
16.f4 Bf5 17.h3 Rad8 18.Qa4 Ne8 19.g4 Bc8 20.e4 dxe4 21.Bxg7 Nxg7 22.Qxe4 Ba6
23.Rfe1 Rd2 24.Qxe7 Qxf4 25.Ne4 Re8 26.Qxe8+ Nxe8 27.Nxd2 Nc7 28.Ne4 Nd5
29.Rc2 Kg7 30.g5 Bd3 31.Rf2 Qe5 32.Rxf7+ Kxf7 33.Nd6+ Ke6 34.Kf2 Qxe1+ 35.Kxe1 Nf4
36.Bxc6 Nxh3 37.Bg2 Nxg5 38.Kd2 Bb1 39.a4 a5 40.b4 Kd7 41.bxa5 Kc7 42.a6 Kb8
43.Ke3 Ka7 44.Bb7 Ne6 45.Nb5+ Kb8 46.c6  1-0

[Event "Serbia Cup"]
[Site "Zlatibor SRB"]
[Date "2008.06.21"]
[Round "6"]
[White "Mihic,B"]
[Black "Nestorovic,L"]
[Result "1-0"]
[WhiteElo "2394"]
[BlackElo "2248"]

1.Nf3 Nf6 2.c4 c5 3.Nc3 b6 4.g3 Bb7 5.Bg2 e6 6.O-O Be7 7.b3 O-O 8.Bb2 d6
9.e3 Nbd7 10.d4 cxd4 11.Nxd4 Bxg2 12.Kxg2 Qc7 13.f4 Nc5 14.Qf3 Nd3 15.Ba3 d5
16.Bxe7 Qxe7 17.cxd5 Nxd5 18.Nxd5 exd5 19.Rad1 Qe4 20.Rd2 Rfe8 21.Nb5 Re7
22.Nc3 Qxf3+ 23.Kxf3 Nb4 24.Nxd5 Nxd5 25.Rxd5 Rae8 26.Re1 f6 27.g4 h6 28.h4 Kf7
29.h5 Rc8 30.Red1 Rc3 31.R5d3 Rxd3 32.Rxd3 Ke8 33.Rd4 Rc7 34.Rc4 Rd7 35.Rc8+ Kf7
36.Ke4 Ke6 37.Rc6+ Kf7 38.b4 Re7+ 39.Kd4 Ke8 40.e4 Rd7+ 41.Kc4 Rd2 42.Rc8+ Kd7
43.Rg8 Rxa2 44.Rxg7+ Ke6 45.Rg6 Rf2 46.g5 hxg5 47.fxg5 Rh2 48.Rxf6+ Ke5 49.h6 Rh5
50.Rg6 Kxe4 51.Rg7 Kf5 52.h7 a5 53.bxa5 bxa5 54.g6  1-0

[Event "Marshall NY Int"]
[Site "New York USA"]
[Date "2008.06.22"]
[Round "3"]
[White "Ginsburg,M"]
[Black "Rohde,M"]
[Result "1/2-1/2"]
[WhiteElo "2365"]
[BlackElo "2460"]

1.c4 c5 2.Nf3 Nf6 3.Nc3 e6 4.g3 b6 5.Bg2 Bb7 6.O-O a6 7.Re1 Be7 8.e4 d6 9.d4 cxd4
10.Nxd4 Qc7 11.Be3 Nbd7 12.f4 h5 13.Rc1 Ng4 14.Nd5 exd5 15.cxd5 Qd8 16.Nc6 Bxc6
17.dxc6 Nc5 18.c7 Qxc7 19.b4 O-O 20.h3 Nxe3 21.Rxe3 h4 22.bxc5 dxc5 23.Qg4 c4
24.Kh1 b5 25.e5 Qb6 26.Re4 Rad8 27.f5 Qh6 28.Rf1 Rfe8 29.f6 Bf8 30.e6 Rxe6
31.Rxe6 fxe6 32.Qxe6+ Kh8 33.Bd5 Rxd5 34.Qxd5 hxg3 35.Kg2 gxf6 36.Rf5 Qg6
37.Rf4 Bh6 38.Qa8+ Kh7 39.Rg4 Qc2+ 40.Kxg3 Qd3+ 41.Kg2 Bg5 42.h4 Qe2+ 43.Kh3  1/2-1/2

[Event "22th Open"]
[Site "Pula CRO"]
[Date "2008.06.23"]
[Round "3"]
[White "Tjolsen,K"]
[Black "Borsos,B"]
[Result "0-1"]
[WhiteElo "2066"]
[BlackElo "2354"]

1.Nf3 Nf6 2.c4 e6 3.Nc3 c5 4.g3 b6 5.Bg2 Bb7 6.O-O Be7 7.Re1 O-O 8.e4 d6
9.d4 cxd4 10.Nxd4 Qc8 11.Be3 a6 12.Rc1 Nbd7 13.f4 Re8 14.f5 e5 15.Nb3 h6
16.Bf2 Qc7 17.h4 Rac8 18.Nd2 h5 19.Bf3 Qd8 20.Bxh5 b5 21.b3 Nc5 22.Bxc5 Rxc5
23.Be2 Qb6 24.Kh2 Rcc8 25.Bd3 b4 26.Nd5 Bxd5 27.exd5 Qd4 28.Qe2 Bd8 29.Be4 Bb6
30.Nf3 Qc5 31.Kh3 Kf8 32.Nd2 Ke7 33.g4 Rh8 34.Nf3 a5 35.Ra1 Ra8 36.Rf1 a4
37.Nd2 Qe3+ 38.Bf3 Rxh4+ 39.Kg2 Rah8 40.Rh1 Qf4 41.Rxh4 Rxh4 42.Rh1 Nh5 43.Qe1 Rxg4+  0-1

[Event "TCh-TUR"]
[Site "Kocaeli TUR"]
[Date "2008.06.24"]
[Round "2"]
[White "Savchenko,B"]
[Black "Sideifzade,F"]
[Result "1-0"]
[WhiteElo "2569"]
[BlackElo "2408"]

1.c4 Nf6 2.Nc3 c5 3.Nf3 g6 4.e4 Bg7 5.d4 cxd4 6.Nxd4 Nc6 7.Be3 d6 8.Be2 O-O
9.O-O Bd7 10.Qd2 Ng4 11.Bxg4 Bxg4 12.h3 Bd7 13.Rad1 a6 14.Nxc6 Bxc6 15.Bd4 Bxd4
16.Qxd4 Qa5 17.a3 Rac8 18.Qe3 Qc5 19.Rd4 e5 20.Rd2 f5 21.exf5 Rxf5 22.Rfd1 Qxc4
23.Rxd6 Rcf8 24.R1d2 Qf4 25.Nd5 Bxd5 26.R6xd5 Qxe3 27.fxe3 Rf1+ 28.Kh2 Re8
29.Rd7 Rf7 30.Kg3 Kg7 31.R2d6 Re6 32.Rxe6 Rxd7 33.Rxe5 Kf6 34.Re4 Rd2 35.Rf4+ Ke6
36.Rf2 Rd3 37.Kf4 Rb3 38.Rc2 a5 39.h4 h6 40.g3 Rb5 41.e4 Rb3 42.Rc5 Rxb2
43.Rxa5 Rf2+ 44.Ke3 Rb2 45.a4 Ra2 46.Rb5 Rxa4 47.Kf4 Ra7 48.Rb6+ Kf7 49.g4 Kg7
50.h5 gxh5 51.gxh5 Ra5 52.Rxb7+ Kf8 53.e5 Ra4+ 54.Kf5 Rh4 55.Kg6 Re4 56.Rf7+ Kg8
57.Rf5 Ra4 58.Rf6 Ra5 59.Rb6 Kf8 60.Kf6 Ra8 61.e6  1-0

[Event "TCh-TUR"]
[Site "Kocaeli TUR"]
[Date "2008.06.25"]
[Round "4"]
[White "Banikas,H"]
[Black "Erturan,Y"]
[Result "1-0"]
[WhiteElo "2600"]
[BlackElo "2369"]

1.Nf3 Nf6 2.c4 c5 3.Nc3 d5 4.cxd5 Nxd5 5.g3 Nc6 6.Bg2 Nc7 7.O-O e6 8.d3 Be7
9.Be3 O-O 10.Rc1 Bd7 11.d4 cxd4 12.Nxd4 Nxd4 13.Bxd4 Bc6 14.Bxc6 bxc6 15.Na4 Nb5
16.Be3 Qd5 17.b3 Rac8 18.Qc2 Nd4 19.Bxd4 Qxd4 20.Rfd1 Qb4 21.Rd7 Rfd8 22.Rcd1 Rxd7
23.Rxd7 a5 24.Qd3 Bf6 25.e3 Qb5 26.Qd6 Qf5 27.Qd1 Qb5 28.Rxf7 Kxf7 29.Qd7+ Kg6
30.Qxc8 Qd5 31.Qa6 e5 32.Nc3 Qc5 33.Qd3+ Kf7 34.Kf1 h6 35.Ne4 Qc1+ 36.Kg2 Qa3
37.Qc4+ Kg6 38.Qxc6 Qxa2 39.Qe8+  1-0

[Event "International Open"]
[Site "Philadelphia USA"]
[Date "2008.06.27"]
[Round "2"]
[White "Mulyar,M"]
[Black "Gopal,G"]
[Result "0-1"]
[WhiteElo "2381"]
[BlackElo "2562"]

1.c4 c5 2.Nf3 Nf6 3.Nc3 d5 4.cxd5 Nxd5 5.d4 Nxc3 6.bxc3 g6 7.e4 Bg7 8.Rb1 O-O
9.Be2 Nc6 10.d5 Ne5 11.Nxe5 Bxe5 12.Qd2 e6 13.f4 Bc7 14.O-O exd5 15.exd5 Ba5
16.Bf3 b6 17.d6 Rb8 18.Rd1 Bf5 19.Rb3 Qd7 20.Ra3 Bg4 21.Qe2 Bxf3 22.Qxf3 Rfe8
23.c4 Re6 24.Rad3 Rbe8 25.Bb2 b5 26.f5 gxf5 27.Qd5 bxc4 28.Qxc4 Rg6 29.Rg3 Re4
30.Qd5 Bb6 31.Be5 c4+ 32.Kh1 Rxg3 33.Bxg3 h6 34.h3 Kh7 35.Rf1 Rd4 36.Qa8 Re4
37.Qd5 Rd4 38.Qa8 Re4 39.Bf4 c3 40.Bc1 Qxd6 41.Qc8 Qf6 42.Ba3 Bd4 43.Bb4 Qe6  0-1

[Event "White Nights Open"]
[Site "St Petersburg RUS"]
[Date "2008.06.29"]
[Round "9"]
[White "Chernov,Vl3"]
[Black "Malinovsky,I"]
[Result "1-0"]
[WhiteElo "2037"]
[BlackElo "1910"]

1.c4 Nf6 2.Nc3 c5 3.Nf3 g6 4.d4 Bg7 5.e4 cxd4 6.Nxd4 d6 7.Be2 O-O 8.O-O Nc6
9.Be3 Nd7 10.Qd2 Nxd4 11.Bxd4 Bxd4 12.Qxd4 Qb6 13.Qxb6 Nxb6 14.Rac1 Bd7 15.Rfd1 Rfc8
16.b3 a5 17.a4 Rc5 18.Nd5 Nxd5 19.Rxd5 Rac8 20.Rcd1 Be6 21.Rxc5 Rxc5 22.f4 g5
23.g3 gxf4 24.gxf4 f5 25.Bf3 b6 26.Kf2 fxe4 27.Bxe4 Bf5 28.Bxf5 Rxf5 29.Kg3 Kf7
30.Kg4 Ke6 31.Rd3 h5+ 32.Kf3 Rc5 33.Ke4 Kf6 34.Rg3 e6 35.h4 d5+ 36.cxd5 exd5+
37.Kd4 Kf5 38.Rg5+ Kxf4 39.Rxh5 Rc6 40.Rxd5 Kg4 41.h5 Rf6 42.Ke5 Rh6 43.Rd6 Rxh5+
44.Kd4 b5 45.axb5 Rxb5 46.Kc3 Kf5 47.Rh6 Ke4 48.Rd6 Rb4 49.Rd1 Rb5 50.Rd4+ Ke5
51.Rd3 Rb4 52.Rh3 Kd6 53.Rh5 Kc6 54.Rxa5 Rb5 55.Ra6+ Kc5 56.Rh6 Rb7 57.Rh5+ Kb6
58.Kb4 Ka6+ 59.Ka4 Rf7 60.Rh6+ Kb7 61.b4 Rf1 62.Ka5 Ra1+ 63.Kb5 Rb1 64.Rh7+ Kc8
65.Kc6 Rc1+ 66.Kb6 Rb1 67.b5 Rb2 68.Rh8+ Kd7 69.Rb8 Rb1 70.Ka7 Ra1+ 71.Kb7 Rb1
72.b6 Rb2 73.Rh8 Rb1 74.Rh2 Rb3 75.Rd2+ Ke7 76.Kc7 Rc3+ 77.Kb8 Rb3 78.b7 Ke8
79.Rd4 Rb2 80.Kc7 Rc2+ 81.Kb6 Rb2+ 82.Kc6 Ke7 83.Rd5  1-0

[Event "Sparkassen Open"]
[Site "Dortmund GER"]
[Date "2008.06.30"]
[Round "1"]
[White "Klatt,P"]
[Black "Leon Villagra,P"]
[Result "1/2-1/2"]
[WhiteElo "2016"]
[BlackElo "1827"]

1.c4 Nf6 2.Nc3 c5 3.Nf3 d5 4.cxd5 Nxd5 5.g3 Nc6 6.Bg2 Nc7 7.O-O e5 8.d3 Be7
9.a3 O-O 10.b3 Be6 11.Rb1 f6 12.Nd2 Qd7 13.Nc4 Rad8 14.Be3 b6 15.Qc1 Bh3
16.f4 Bxg2 17.Kxg2 Ne6 18.fxe5 fxe5 19.Ne4 Ned4 20.Qb2 b5 21.Bxd4 exd4 22.Ncd2 Ne5
23.Rbc1 Ng4 24.Rxf8+ Rxf8 25.Nf1 Qd5 26.Kg1 Qh5 27.e3 dxe3 28.Qe2 Qf5 29.Nxe3 Nxe3
30.Qxe3 c4 31.bxc4 bxc4 32.dxc4 Bxa3 33.Qxa3 Qxe4 34.Qxa7 Rc8 35.Qf2 Rxc4
36.Rd1 Rc8 37.Rf1 Qd5  1/2-1/2

[Event "XII Izmailov Mem"]
[Site "Tomsk RUS"]
[Date "2008.06.30"]
[Round "6"]
[White "Medvedev,E"]
[Black "Karpov,Vi"]
[Result "1-0"]
[WhiteElo "2008"]
[BlackElo "2160"]

1.Nf3 c5 2.c4 Nf6 3.Nc3 d5 4.cxd5 Nxd5 5.d4 Nxc3 6.bxc3 cxd4 7.cxd4 e6 8.e4 Bb4+
9.Bd2 Qa5 10.Rb1 Bxd2+ 11.Qxd2 Qxd2+ 12.Nxd2 O-O 13.Bb5 Rd8 14.Nb3 b6 15.O-O Bb7
16.f3 Nc6 17.Rfd1 Rac8 18.d5 exd5 19.exd5 Ne5 20.d6 a6 21.Bf1 Rc2 22.Re1 f6
23.Nd4 Rd2 24.Rxb6 Rxd4 25.Rxb7 R8xd6 26.Rc1 a5 27.f4 Rc6 28.Rcb1 Rxf4 29.Ra7 Rb4
30.Rd1 h5 31.Rxa5 Rb2 32.h3 Kh7 33.a4 Kh6 34.Ra8 Kg5 35.a5 Kf4 36.a6 Kg3
37.Ra1 Rcc2 38.Ra3+ Kf4 39.a7 Ra2 40.g3+ Kf5 41.Re3 Rc7 42.Rxe5+ Kxe5 43.Re8+ Kf5
44.a8=Q Rxa8 45.Rxa8 Kg5 46.Ra5+ f5 47.Bd3 g6 48.Ra6 Rd7 49.h4+ Kg4 50.Kg2  1-0

[Event "XII Izmailov Mem"]
[Site "Tomsk RUS"]
[Date "2008.06.30"]
[Round "6"]
[White "Kovalev,Vit"]
[Black "Katkov,S"]
[Result "1/2-1/2"]
[WhiteElo "1937"]
[BlackElo "2242"]

1.c4 Nf6 2.Nc3 c5 3.Nf3 g6 4.d4 cxd4 5.Nxd4 Bg7 6.e4 d6 7.Be2 Nc6 8.Be3 O-O
9.O-O Bd7 10.f3 Nxd4 11.Bxd4 Bc6 12.Qd2 Re8 13.Rfd1 Nd7 14.Bxg7 Kxg7 15.Rac1 Qb6+
16.Kh1 a5 17.Bf1 Kg8 18.Ne2 Qb4 19.Nd4 Qxd2 20.Rxd2 Nc5 21.b3  1/2-1/2

[Event "Svein Johannessen Mem"]
[Site "Oslo NOR"]
[Date "2008.07.01"]
[Round "9"]
[White "Taksrud,V"]
[Black "Matthiesen,M"]
[Result "1-0"]
[WhiteElo "2164"]
[BlackElo "2365"]

1.Nf3 Nf6 2.c4 c5 3.Nc3 e6 4.e4 Nc6 5.Be2 a6 6.O-O Qc7 7.d4 cxd4 8.Nxd4 Bc5
9.Be3 Bxd4 10.Bxd4 Nxd4 11.Qxd4 d6 12.Rad1 Ke7 13.b4 b6 14.Na4 Rb8 15.c5 dxc5
16.bxc5 bxc5 17.Nxc5 Rd8 18.Qe3 Rxd1 19.Rxd1 a5 20.Qa3 Ke8 21.Nb3 Bd7 22.f3 Qb6+
23.Qc5 a4 24.Qxb6 Rxb6 25.Nc5 Rb2 26.Bc4 Bc6 27.Nd3 Rc2 28.Ne5 Kf8 29.g4 Be8
30.Rd8 Ke7 31.Ra8 g5 32.Ra5 h6 33.a3 Nd7 34.Bd3  1-0

[Event "ChInt Open"]
[Site "Paris FRA"]
[Date "2008.07.02"]
[Round "5"]
[White "Guilleux,F"]
[Black "Salaun,Y"]
[Result "0-1"]
[WhiteElo "2391"]
[BlackElo "2319"]

1.Nf3 c5 2.c4 Nf6 3.Nc3 g6 4.d4 cxd4 5.Nxd4 Bg7 6.e4 d6 7.Be2 O-O 8.Be3 Nc6
9.O-O Nd7 10.Qd2 Nc5 11.Rad1 Bd7 12.Ndb5 b6 13.f4 a6 14.Nd4 Rc8 15.Rfe1 Re8
16.Bf3 Nb4 17.Qe2 e5 18.Nb3 Nxa2 19.Nxa2 Nxb3 20.Rxd6 Qc7 21.Qd1 Nd4 22.Rd5 Be6
23.Bxd4 exd4 24.e5 Qxc4 25.b3 Qc2 26.Qxc2 Rxc2 27.Nb4 Bxd5 28.Nxc2 Bxf3 29.gxf3 d3
30.Nb4 Rd8 31.Rd1 d2 32.Kf2 a5 33.Nc6 Rd7 34.Ke3 Bh6 35.Ke4 Kf8 36.Nd4 Bxf4
37.e6 f5+ 38.Kxf4 Rxd4+ 39.Ke5 Rd3 40.Kf6 b5 41.h4 h5 42.f4 a4 43.bxa4 bxa4
44.Rb1 d1=Q 45.e7+ Ke8 46.Rb8+ Rd8  0-1

[Event "IV Open"]
[Site "Sort ESP"]
[Date "2008.07.02"]
[Round "10"]
[White "Rotstein,A"]
[Black "Kasparov,S"]
[Result "1-0"]
[WhiteElo "2528"]
[BlackElo "2481"]

1.Nf3 Nf6 2.c4 c5 3.Nc3 e6 4.g3 b6 5.Bg2 Bb7 6.O-O d6 7.d4 cxd4 8.Qxd4 a6
9.Rd1 Be7 10.Bg5 Nbd7 11.Qd2 Qc8 12.Bf4 Nc5 13.b4 Nce4 14.Nxe4 Nxe4 15.Qd3 O-O
16.Rac1 e5 17.Be3 Nf6 18.Ng5 Bxg2 19.Kxg2 Qb7+ 20.f3 b5 21.Ne4 Nxe4 22.Qxe4 Rfb8
23.c5 Qxe4 24.fxe4 dxc5 25.Rd7 Kf8 26.bxc5 Ke8 27.c6 b4 28.Rb7 a5 29.Rc4 f6
30.g4 a4 31.Bd2 b3 32.Rxa4 Rc8 33.Rxa8 Rxa8 34.axb3 Rc8 35.Rb6 Bd8 36.Ra6 Rb8
37.b4 Bb6 38.b5 Bc7 39.Ra7 Kd8 40.Ba5 Bxa5 41.Rxa5 g5 42.Kf3 Kc7 43.Ra7+ Kb6
44.Rxh7 Rc8 45.Rb7+ Kc5 46.c7  1-0

[Event "World Open"]
[Site "Philadelphia USA"]
[Date "2008.07.03"]
[Round "3"]
[White "Bartholomew,J"]
[Black "Gopal,G"]
[Result "1/2-1/2"]
[WhiteElo "2440"]
[BlackElo "2572"]

1.Nf3 c5 2.c4 Nf6 3.Nc3 d5 4.cxd5 Nxd5 5.d4 Nxc3 6.bxc3 g6 7.Bg5 Bg7 8.e3 O-O
9.Be2 Nc6 10.O-O Be6 11.Nd2 Rc8 12.Nb3 cxd4 13.cxd4 Bd5 14.Bf3 b6 15.Qe2 Qd7
16.Rfd1 Nb4 17.Bxd5 Nxd5 18.Rd2 Qe6 19.Bh4 Qe4 20.Bg3 a5 21.Rb2 Nc3 22.Qf1 Qd5
23.Nd2 b5 24.a3 Rc6 25.Nb1 b4 26.axb4 axb4 27.Nd2 Rb6 28.Qc4 Qb7 29.Nb3 Ra8
30.Rxa8+ Qxa8 31.Rc2 h5 32.h4 e6 33.Kh2 Bf8 34.f3 Qd5 35.Qxd5 exd5 36.Be1 Re6
37.Bd2 Bd6+ 38.Kg1 Nd1 39.Nc5 Nxe3 40.Rb2 Bxc5 41.dxc5 Nc4 42.Ra2 Nxd2 43.Rxd2 b3
44.Kf2 Re5 45.Rb2 d4 46.Rxb3 Rxc5 47.Rd3 Rd5 48.Kg3 Kg7 49.Kf4 f5 50.Rd2 Kf6
51.Re2 Rd6 52.g3 Rd8 53.Re1 Rd7 54.Re2 Kf7 55.Re1 Kf6 56.Re2 Ra7 57.Re8 Rd7
58.Re2 Kf7 59.Re1 Re7 60.Rd1 Rd7 61.Re1 Rd5 62.Re2 Kf6 63.Re1 Rd6 64.Re2 Rc6
65.Re8 Rd6 66.Re2  1/2-1/2

[Event "7th Open"]
[Site "La Fere FRA"]
[Date "2008.07.05"]
[Round "1"]
[White "Sundararajan,K"]
[Black "Pijpers,A"]
[Result "1-0"]
[WhiteElo "2446"]
[BlackElo "2150"]

1.Nf3 Nf6 2.c4 c5 3.Nc3 g6 4.g3 Bg7 5.Bg2 Nc6 6.d4 cxd4 7.Nxd4 O-O 8.O-O Nxd4
9.Qxd4 d6 10.Qd3 Nd7 11.b3 Nc5 12.Qd2 a5 13.Bb2 a4 14.Nd5 e5 15.b4 a3 16.Bc3 Na4
17.Rac1 Nxc3 18.Nxc3 Be6 19.Nb5 Qb8 20.Rfd1 Rd8 21.Qe3 Ra6 22.Bd5 Rc8 23.Nxa3 Bxd5
24.Rxd5 Qa8 25.Nb5 Rxa2 26.Nxd6 Rd8 27.Rcd1 Ra1 28.Rxa1 Qxa1+ 29.Kg2 Qa6
30.b5 Qa4 31.Qf3 Rd7 32.Nxb7  1-0

[Event "ch-NOR Elite"]
[Site "Tonsberg NOR"]
[Date "2008.07.05"]
[Round "1"]
[White "Stokke,K"]
[Black "Hansen,TR"]
[Result "1-0"]
[WhiteElo "2375"]
[BlackElo "2382"]

1.Nf3 Nf6 2.c4 e6 3.Nc3 c5 4.g3 b6 5.Bg2 Bb7 6.O-O Be7 7.b3 O-O 8.Bb2 d6
9.e3 Nbd7 10.Qe2 Qc7 11.Rac1 Rac8 12.Rfd1 Rfe8 13.d4 cxd4 14.Nxd4 Bxg2 15.Kxg2 a6
16.f4 Bf8 17.Qf3 Qb8 18.g4 g6 19.h3 Bg7 20.Nc6 Qc7 21.Nb4 Nc5 22.Rd2 b5 23.Nxa6 Nxa6
24.Nxb5 Qb8 25.Nxd6 Rcd8 26.Rcd1 Rf8 27.e4 Ne8 28.Ba3 Nxd6 29.Bxd6 Rxd6 30.Rxd6 Nb4
31.a3 Nd5 32.e5 Nc7 33.b4 g5 34.Rd7 gxf4 35.Qxf4 Ne8 36.Rd8 Qb7+ 37.Qf3 Qc7
38.R1d7 Qxe5 39.Rxe8 Qb2+ 40.Kh1 Qc1+ 41.Rd1 Qxc4 42.Rxf8+  1-0

[Event "7th Open"]
[Site "La Fere FRA"]
[Date "2008.07.07"]
[Round "3"]
[White "Marzolo,C"]
[Black "Gharamian,T"]
[Result "1/2-1/2"]
[WhiteElo "2487"]
[BlackElo "2560"]

1.Nf3 c5 2.c4 Nf6 3.Nc3 e6 4.g3 b6 5.Bg2 Bb7 6.O-O Be7 7.Re1 d6 8.e4 a6 9.d4 cxd4
10.Nxd4 Qc7 11.Be3 Nbd7 12.Rc1 Rc8 13.f4 O-O 14.b3 Rfe8 15.f5 e5  1/2-1/2

[Event "2nd NJ Futurity Int"]
[Site "New Jersey USA"]
[Date "2008.07.07"]
[Round "1"]
[White "Zlotnikov,M"]
[Black "Molner,M"]
[Result "0-1"]
[WhiteElo "2345"]
[BlackElo "2337"]

1.Nf3 Nf6 2.c4 c5 3.Nc3 e6 4.d4 cxd4 5.Nxd4 Bb4 6.Bd2 Nc6 7.e3 O-O 8.Be2 b6
9.O-O Bb7 10.a3 Be7 11.Rc1 Nxd4 12.exd4 d5 13.Bf3 Qd7 14.c5 bxc5 15.dxc5 Bxc5
16.Na4 Be7 17.Nc5 Bxc5 18.Rxc5 Rfc8 19.Be3 Rxc5 20.Bxc5 Qc7 21.Be3 a5 22.Qd2 Rc8
23.Rc1 Qxc1+ 24.Qxc1 Rxc1+ 25.Bxc1 a4 26.Kf1 Kf8 27.Ke1 Ke7 28.Kd2 Kd6 29.Kc3 e5
30.Kb4 Bc6 31.Bd1 Ne4 32.f3 Nc5 33.Bc2 d4 34.Bd2 h6 35.h4 Bd7 36.g4 Bc6 37.f4 f6
38.g5 hxg5 39.hxg5 Kd5 40.gxf6 gxf6 41.fxe5 fxe5 42.Bg6 Nb3 43.Bh6 Bd7 44.Bf7+ Ke4
45.Bg6+ Kf3 46.Bh5+ Kf2 47.Bg6 Bc6 48.Bg7 e4 49.Bxe4 Bxe4 50.Kxa4 d3 51.Bc3 d2
52.Bxd2 Nxd2 53.b4 Ke3 54.Kb5 Kd4 55.a4 Kc3 56.a5 Bd3+ 57.Ka4 Ne4 58.a6 Bxa6
59.Ka5 Bc4 60.Kb6 Kxb4 61.Kc6 Be6 62.Kc7 Kc5 63.Kd8 Kd6 64.Ke8 Ng3 65.Kf8 Nf5
66.Ke8 Ke5 67.Kf8 Bd5 68.Ke8 Ke6 69.Kf8 Kf6 70.Ke8 Bf7+ 71.Kd7 Ke5 72.Kc6 Kd4
73.Kb5 Kc3 74.Kc5 Bc4 75.Kc6 Kb4 76.Kd7 Bf7 77.Kc6 Kc4 78.Kb6 Be8 79.Kc7 Kc5
80.Kd8  0-1

[Event "FSGM July"]
[Site "Budapest HUN"]
[Date "2008.07.08"]
[Round "4"]
[White "Nguyen Huynh Minh Huy"]
[Black "Ilincic,Z"]
[Result "1/2-1/2"]
[WhiteElo "2477"]
[BlackElo "2519"]

1.Nf3 Nf6 2.c4 c5 3.Nc3 g6 4.g3 b6 5.Bg2 Bb7 6.O-O Bg7 7.d4 cxd4 8.Qxd4 O-O
9.Qh4 d6 10.Bh6 Nbd7 11.Rfd1 Rc8 12.b3  1/2-1/2

[Event "7th Open"]
[Site "La Fere FRA"]
[Date "2008.07.10"]
[Round "7"]
[White "Sundararajan,K"]
[Black "Mulder,BP"]
[Result "1-0"]
[WhiteElo "2446"]
[BlackElo "2219"]

1.Nf3 Nf6 2.c4 c5 3.Nc3 b6 4.e4 d6 5.d4 cxd4 6.Nxd4 Bb7 7.Qe2 e6 8.g3 Be7
9.Bg2 a6 10.O-O Qc7 11.Be3 O-O 12.Rac1 Nbd7 13.f4 Rac8 14.f5 e5 15.Nd5 Qd8
16.Nc2 Nc5 17.b4 Nxd5 18.exd5 Nd7 19.h4 Re8 20.Na1 e4 21.Nb3 Bf6 22.Nd2 Bb2
23.Rc2 Be5 24.Nxe4 b5 25.cxb5 Rxc2 26.Qxc2 Bxd5 27.bxa6 Qa8 28.b5 Bxg3 29.Nxg3 Rxe3
30.Nh5 Qa7 31.Kh2 Qd4 32.Rf4 Qe5 33.Qc8+ Nf8 34.Bxd5 Qb2+ 35.Bg2 Re2 36.Qb7 Qxa2
37.a7 d5 38.Rg4 Qa1 39.Qxd5 Qxa7 40.Rxg7+ Kh8 41.Qxf7 Qb8+ 42.Rg3  1-0

[Event "2nd NJ Futurity Int"]
[Site "New Jersey USA"]
[Date "2008.07.10"]
[Round "6"]
[White "Palatnik,S"]
[Black "Molner,M"]
[Result "1/2-1/2"]
[WhiteElo "2472"]
[BlackElo "2337"]

1.c4 Nf6 2.Nf3 c5 3.Nc3 e6 4.d4 cxd4 5.Nxd4 Bb4 6.g3 O-O 7.Bg2 d5 8.cxd5 Nxd5
9.Qb3 Nc6 10.Nxc6 bxc6 11.O-O Rb8 12.a3 Bd6 13.Qc2 Qb6 14.Na4 Qb3 15.Qxb3 Rxb3
16.Rd1 Be7 17.Be4 Ba6 18.Bc2 Rbb8 19.e4 Nb6 20.Bf4 Rb7 21.b4 Nxa4 22.Bxa4 c5
23.Bd6 Bxd6 24.Rxd6 Bb5 25.Bxb5 Rxb5  1/2-1/2

[Event "XXVIII Open"]
[Site "Benasque ESP"]
[Date "2008.07.11"]
[Round "9"]
[White "Damljanovic,B"]
[Black "Camacho Collados,J"]
[Result "1-0"]
[WhiteElo "2579"]
[BlackElo "2276"]

1.Nf3 Nf6 2.c4 c5 3.Nc3 d5 4.g3 d4 5.Na4 Nc6 6.Bg2 e5 7.d3 Bd6 8.O-O O-O
9.e4 dxe3 10.Bxe3 Qe7 11.Re1 Bf5 12.Nh4 Be6 13.h3 Rad8 14.Qb3 Nd7 15.a3 Na5
16.Qb5 Bc7 17.Nxc5 a6 18.Qb4 Bd6 19.Qxa5 Nxc5 20.Qc3 b5 21.Rad1 Rb8 22.b4 Na4
23.Qc2 f5 24.c5 Bc7 25.d4 exd4 26.Rxd4 Be5 27.Bg5 Qc7 28.Rxe5 Qxe5 29.Nf3 Qc7
30.Bf4 Qe7 31.Bxb8 Rxb8 32.Qd2 Re8 33.Ne5 h5 34.Rd6 Qf6 35.Qd4 Kh7 36.Bd5 h4
37.gxh4 f4 38.Rxe6 Rxe6 39.Qe4+ g6 40.Bxe6 Qxe6 41.h5 Nc3 42.Qxg6+ Qxg6+
43.hxg6+ Kg7 44.h4 Kf6 45.h5 Nd5 46.Nd7+ Kg5 47.g7 Ne7 48.c6 Kh6 49.c7 Kxg7
50.Nb6  1-0